000 00299nam a22001337a 4500
008 170911b xxu||||| |||| 00| 0 eng d
020 _a9781879102781
041 _aeng
080 _a91
100 _a42
101 _aGJEO
245 _aDICTIONARY OF GIS TERMINOLOGY
_cKENNEDY, H
942 _2udc
_cBK
999 _c26947
_d26947